| 000 | 00973nam a2200277Ia 4500 | ||
|---|---|---|---|
| 001 | Z_457 | ||
| 003 | CHAP | ||
| 008 | 220113s1986 xx 000 0 und d | ||
| 010 | _a163434 | ||
| 040 | _cCHAP | ||
| 090 | _aTesis H 481 | ||
| 100 |
_aHernández Garay, Alfonso _954033 |
||
| 245 |
_aDeterminación de la calidad de la materia seca en 27 asociaciones de gramíneas y leguminosas forrajeras de clima templado en su primer año de cultivo / _cpor Alfonso Hernández Garay |
||
| 260 |
_aChapingo, Méx. : _bEl autor, _c1986 |
||
| 300 | _a88 h. ; gráfs. | ||
| 502 | _aTesis (Ing. Agrónomo Esp. en Zootecnia) -- UACH. Departamento de Zootecnia | ||
| 650 |
_aGramíneas y leguminosas forrajeras de clima templado _9137639 |
||
| 650 |
_aGramíneas _xMateria seca _xDeterminación _950281 |
||
| 650 |
_aLeguminosas _xMateria seca _xDeterminación _965837 |
||
| 901 | _aTESIS H 481 | ||
| 902 | _aM | ||
| 910 | _a1986 | ||
| 942 | _c2 | ||
| 942 | _c2 | ||
| 999 |
_c163434 _d163434 |
||